[Event "Memorial Tal Blitz"]
[Site "Mosca RUS"]
[Date "2008.08.30"]
[Round "33"]
[White "Kramnik, V."]
[Black "Ivanchuk, V."]
[Result "0-1"]
[WhiteElo "2788"]
[BlackElo "2781"]
[PlyCount "86"]
[EventDate "2008.08.29"]
[Source "www.chesslib.no"]
[SourceDate "2004.05.04"]

1. d4 Nf6 2. c4 g6 3. Nc3 d5 4. Nf3 Bg7 5. Bf4 O-O 6. e3 c5 7. dxc5 Qa5 8. Rc1 dxc4 9. Bxc4 Qxc5 10. Bb3 Nc6 11. O-O Qa5 12. h3 Qa6 13. e4 Rd8 14. Qe1 Nb4 15. Ne5 Be6 16. Na4 Bxb3 17. axb3 Nd3 18. Nxd3 Qxd3 19. Nc5 Qb5 20. e5 Nd5 21. Bg5 Rac8 22. b4 h6 23. e6 f5 24. Bd2 a5 25. Nd7 axb4 26. Ne5 Rxc1 27. Bxc1 Kh7 28. Nf7 Rc8 29. Qd2 b3 30. Rd1 Rc2 31. Qe1 Qc6 32. Bxh6 Bxh6 33. Qe5 Nf6 34. Rd8 Rc1+ 35. Kh2 Rh1+ 36. Kxh1 Qc1+ 37. Rd1 Qc6 38. Kg1 Qc1 39. Kh1 Qxd1+ 40. Kh2 Qd2 41. Qc5 Bf4+ 42. g3 Ne4 43. Qb6 Bxg3+ 0-1

[Event "KRO m"]
[Site "Hilversum"]
[Date "1991.??.??"]
[Round "5"]
[White "Timman, Jan H"]
[Black "Ivanchuk, Vassily"]
[Result "1/2-1/2"]
[WhiteElo "2630"]
[BlackElo "2735"]
[PlyCount "60"]
[EventDate "1991.12.??"]
[Source "ChessBase"]

1. d4 Nf6 2. c4 g6 3. Nc3 d5 4. Bf4 Bg7 5. e3 c5 6. dxc5 Qa5 7. Rc1 dxc4 8. Bxc4 O-O 9. Nf3 Qxc5 10. Bb3 Nc6 11. O-O Qa5 12. h3 Bf5 13. Qe2 Ne4 14. Nd5 e5 15. Bh2 Be6 16. Rfd1 Rfd8 17. Qc4 Nf6 18. e4 Rac8 19. Ng5 Nd4 20. Ne7+ Kf8 21. Nxe6+ Kxe7 22. Nxd8 Rxc4 23. Bxc4 Nxe4 24. Nxf7 Qb6 25. Nxe5 Bxe5 26. Bxe5 Nf3+ 27. gxf3 Qxf2+ 28. Kh1 Qxf3+ 29. Kh2 Qf2+ 30. Kh1 Qf3+ 1/2-1/2

[Event "Blindfold World Cup"]
[Site "Bilbao ESP"]
[Date "2007.10.19"]
[Round "8"]
[White "Bu Xiangzhi"]
[Black "Harikrishna, P."]
[Result "1-0"]
[WhiteElo "2692"]
[BlackElo "2668"]
[PlyCount "139"]
[EventDate "2007.10.16"]
[Source "www.chesslib.no"]
[SourceDate "2004.05.04"]

1. d4 d5 2. c4 c6 3. Nf3 Nf6 4. Qc2 g6 5. Bf4 Bg7 6. e3 O-O 7. Nc3 c5 8. dxc5 Qa5 9. Rd1 Na6 10. cxd5 Nxc5 11. Be5 Nfe4 12. Bxg7 Kxg7 13. Be2 e6 14. O-O Nxc3 15. bxc3 exd5 16. Rxd5 Be6 17. Rd2 Rac8 18. Nd4 Rfe8 19. h3 Kg8 20. Rfd1 a6 21. Nxe6 Nxe6 22. c4 b5 23. Rd5 Qc7 24. Qc3 bxc4 25. Rd7 Qc5 26. R1d5 Qc6 27. Bg4 Nc5 28. R7d6 Ne4 29. Rxc6 Nxc3 30. Bxc8 Nxd5 31. Bg4 Rb8 32. Rxc4 Rb1+ 33. Kh2 Rb2 34. Bf3 Nb6 35. Rc6 a5 36. a3 Kf8 37. Kg3 Rb3 38. Bd1 Rb5 39. h4 h5 40. Bc2 Kg7 41. Kf3 Nd7 42. Ke2 Ne5 43. Rc7 Rb2 44. Kd2 Ng4 45. f3 Ne5 46. Kc3 Rb5 47. Bb3 a4 48. Ba2 Rb6 49. f4 Ng4 50. Rxf7+ Kh6 51. Re7 Rb8 52. Bc4 Rb1 53. Re6 Rc1+ 54. Kb4 Kg7 55. Bd3 Kf7 56. Rd6 Nxe3 57. Bxg6+ Ke7 58. Rd4 Nxg2 59. f5 Rh1 60. Bxh5 Nxh4 61. Bg4 Kf6 62. Kxa4 Kg5 63. Kb5 Rb1+ 64. Kc6 Ng2 65. Bf3 Ne3 66. Be4 Rc1+ 67. Kb5 Kf6 68. Rd6+ Kf7 69. a4 Rc3 70. Rd3 1-0

[Event "Tch-BIH"]
[Site "Neum"]
[Date "2004.05.30"]
[Round "2"]
[White "Sokolov, Ivan"]
[Black "Sutovsky, Emil"]
[Result "1/2-1/2"]
[WhiteElo "2690"]
[BlackElo "2661"]
[PlyCount "91"]
[EventDate "2004.05.29"]
[Source "Roberto Alvarez"]
[SourceDate "2004.06.07"]

1. d4 Nf6 2. c4 g6 3. Nc3 d5 4. Bf4 Bg7 5. e3 c5 6. dxc5 Qa5 7. Rc1 dxc4 8. Bxc4 O-O 9. Nf3 Qxc5 10. Bb3 Nc6 11. O-O Qa5 12. h3 Bf5 13. Qe2 Ne4 14. Nxe4 Bxe4 15. Rfd1 Bxf3 16. Qxf3 Bxb2 17. Rb1 Be5 18. Rd5 Qc3 19. Bxe5 Nxe5 20. Qf4 Nc6 21. Rd7 Na5 22. Rxe7 Nxb3 23. Rxb3 Qa1+ 24. Kh2 Qxa2 25. Rbxb7 a5 26. e4 Rae8 27. h4 Rxe7 28. Rxe7 h5 29. Qf6 a4 30. Ra7 Qb3 31. Qd6 Qc2 32. f3 Qb2 33. Qe7 Qd4 34. Kh3 Qc4 35. Qe5 Qc8+ 36. Kh2 Qd8 37. Kh3 Qd1 38. Qe7 Qh1+ 39. Kg3 Qa1 40. Kh2 Qd4 41. Kh3 Qc4 42. Qe5 Qc8+ 43. Kg3 Qc4 44. Kh2 Qb4 45. Kh3 Qc4 46. Qe7 1/2-1/2

[Event "Essen 86/(452)"]
[Site "?"]
[Date "2002.??.??"]
[Round "?"]
[White "Jussupow, A."]
[Black "Leko, P."]
[Result "1/2-1/2"]
[WhiteElo "2618"]
[BlackElo "2707"]
[PlyCount "52"]
[EventDate "2002.??.??"]
[Source "Chess Informant"]
[SourceDate "2002.10.01"]

1. d4 Nf6 2. c4 g6 3. Nc3 d5 4. Nf3 Bg7 5. Bf4 O-O 6. e3 c5 7. dxc5 Qa5 8. Rc1 dxc4 9. Bxc4 Qxc5 10. Bb3 Qa5 11. O-O Nc6 12. Qe2 Nh5 13. Bg5 Bg4 14. Bh4 Qb4 15. Qc4 Qxc4 16. Bxc4 Bxf3 17. gxf3 Bf6 18. Bxf6 Nxf6 19. Nd5 Rfd8 20. Nxf6+ exf6 21. Rfd1 Rac8 22. Bd5 Kf8 23. Bxc6 Rxd1+ 24. Rxd1 Rxc6 25. Rd7 Rb6 26. b3 Ra6 1/2-1/2

[Event "Gouda NLD-Top rap"]
[Site "Gouda"]
[Date "1997.??.??"]
[Round "?"]
[White "Van Wely, Loek"]
[Black "Timman, Jan H"]
[Result "1-0"]
[WhiteElo "2655"]
[BlackElo "2625"]
[PlyCount "151"]
[EventDate "1997.??.??"]
[Source "www.chesslib.no"]
[SourceDate "2004.05.04"]

1. d4 Nf6 2. c4 g6 3. Nc3 d5 4. Nf3 Bg7 5. Bf4 O-O 6. Rc1 c6 7. e3 Bg4 8. h3 Bxf3 9. Qxf3 Qb6 10. Rc2 Na6 11. Qd1 Qa5 12. a3 Rac8 13. c5 b6 14. cxb6 axb6 15. Be2 c5 16. O-O c4 17. Bf3 Rfd8 18. g4 e6 19. g5 Ne8 20. Qe2 b5 21. Na2 b4 22. Nxb4 Nxb4 23. axb4 Qxb4 24. Rd1 Nd6 25. h4 Nb5 26. Kg2 Ra8 27. h5 Ra2 28. hxg6 hxg6 29. Rh1 Rda8 30. Bg4 Ra1 31. Rcc1 Rxc1 32. Rxc1 Ra2 33. Rc2 Qb3 34. Rd2 Ra1 35. Qf3 Qa2 36. Qh3 Qb1 37. Rd1 Qxb2 38. Rxa1 Qxa1 39. Bxe6 Qa8 40. Bxf7+ Kxf7 41. Qd7+ Kg8 42. Qxb5 Kh7 43. Qd7 Kg8 44. Qe6+ Kh7 45. Qd7 Kg8 46. Kg3 c3 47. Qc7 Qa1 48. Kg2 Qb2 49. Be5 Bxe5 50. dxe5 Qc2 51. Qd8+ Kh7 52. Qc7+ Kg8 53. e6 Qe4+ 54. Kg3 Qxe6 55. Qxc3 Qf5 56. f4 Kf7 57. Qc7+ Kf8 58. Kf2 Qd3 59. Qc5+ Kf7 60. Qd4 Qf5 61. Ke1 Ke6 62. Kd2 Kd7 63. Kc3 Kc6 64. Qa4+ Kb6 65. Kd2 Kc5 66. Qc2+ Qxc2+ 67. Kxc2 Kc6 68. Kd3 Kd7 69. Kc3 Ke7 70. Kb4 Kd6 71. Kb5 d4 72. exd4 Kd5 73. f5 gxf5 74. g6 Ke6 75. d5+ Kf6 76. d6 1-0

[Event "Amsterdam"]
[Site "?"]
[Date "1989.??.??"]
[Round "?"]
[White "Salov, V."]
[Black "Timman, J."]
[Result "1/2-1/2"]
[WhiteElo "2630"]
[BlackElo "2610"]
[PlyCount "122"]
[EventDate "1989.??.??"]
[Source "ChessBase"]
[SourceDate "1989.01.01"]

1. d4 d5 2. Nf3 Nf6 3. c4 c6 4. Qc2 g6 5. Bf4 Bg7 6. e3 O-O 7. Nc3 Na6 8. Qb3 Qa5 9. Be5 dxc4 10. Bxc4 b5 11. Be2 Be6 12. Qa3 Qxa3 13. bxa3 Nd5 14. Nxd5 Bxd5 15. Bxg7 Kxg7 16. O-O Rab8 17. Rfc1 Rfc8 18. a4 Nc7 19. Ne5 bxa4 20. Nxc6 Bxc6 21. Rxc6 Nd5 22. Rc5 Rxc5 23. dxc5 Rb2 24. Bc4 e6 25. Rc1 Kf6 26. g3 Ke7 27. c6 Kd8 28. e4 Nf6 29. c7+ Kxc7 30. e5 Nd7 31. Bxe6+ Kd8 32. Bxf7 Nxe5 33. Bg8 Ng4 34. Rc4 Nxf2 35. Rxa4 Nh3+ 36. Kf1 Rxh2 37. Rxa7 Ng5 38. a4 Rd2 39. a5 Kc8 40. a6 Rd6 41. Bc4 Ne4 42. Kg2 Kb8 43. Rxh7 Rd2+ 44. Kf3 Ng5+ 45. Ke3 Nxh7 46. Kxd2 Nf6 47. Ke3 g5 48. Be2 Ka7 49. Kf3 Kb6 50. Bf1 Ka7 51. Bd3 Kb6 52. Bc4 Ka7 53. Bb5 Kb6 54. Be2 Ka7 55. Bf1 Kb6 56. Bd3 Ka7 57. Bc4 Kb6 58. Bb5 Ka7 59. Be2 Kb6 60. Ke3 Ka7 61. Bc4 Kb6 1/2-1/2

[Event "Open Aeroflot"]
[Site "Mosca RUS"]
[Date "2007.02.18"]
[Round "5"]
[White "Yakovich, Yur"]
[Black "Naiditsch, A."]
[Result "1-0"]
[WhiteElo "2577"]
[BlackElo "2663"]
[PlyCount "45"]
[EventDate "2007.02.14"]
[Source "www.chesslib.no"]
[SourceDate "2004.05.04"]

1. d4 Nf6 2. c4 g6 3. Nc3 d5 4. Bf4 Bg7 5. e3 c5 6. dxc5 Qa5 7. Rc1 dxc4 8. Bxc4 O-O 9. Nf3 Qxc5 10. Bb3 Nc6 11. O-O Qa5 12. Qe2 Nh5 13. Bg5 h6 14. Bh4 g5 15. Rfd1 e6 16. Bg3 Nxg3 17. hxg3 b6 18. Ne4 Ne5 19. Nfxg5 hxg5 20. Nxg5 Bh6 21. Qh5 Bxg5 22. Bc2 Kg7 23. b4 1-0

[Event "HUN-ch"]
[Site "Budapest"]
[Date "1997.10.30"]
[Round "9"]
[White "Pinter, Jozsef"]
[Black "Leko, Peter"]
[Result "1/2-1/2"]
[WhiteElo "2590"]
[BlackElo "2635"]
[PlyCount "38"]
[EventDate "1997.10.21"]
[Source "ChessBase"]
[SourceDate "1998.01.31"]

1. d4 Nf6 2. c4 g6 3. Nc3 d5 4. Bf4 Bg7 5. e3 c5 6. dxc5 Qa5 7. Rc1 dxc4 8. Bxc4 O-O 9. Nf3 Qxc5 10. Bb3 Qa5 11. O-O Nc6 12. h3 Bf5 13. Qe2 Ne4 14. Nxe4 Bxe4 15. Rfd1 Ne5 16. Nxe5 Bxe5 17. Rc4 Bc6 18. Bxe5 Qxe5 19. Rcd4 Rac8 1/2-1/2

[Event "It (Open) Dos Hermanas ESP"]
[Site "?"]
[Date "2006.03.25"]
[Round "3"]
[White "Bu Xiangzhi"]
[Black "Ganguly Surya Shekhar"]
[Result "1-0"]
[WhiteElo "2645"]
[BlackElo "2579"]
[PlyCount "123"]
[EventDate "2006.??.??"]
[Source "www.chesslib.no"]
[SourceDate "2004.05.04"]

1. d4 Nf6 2. c4 g6 3. Nc3 d5 4. Bf4 Bg7 5. e3 c5 6. dxc5 Qa5 7. Rc1 dxc4 8. Bxc4 O-O 9. Nf3 Qxc5 10. Bb3 Nc6 11. O-O Qa5 12. h3 Bf5 13. Qe2 Ne4 14. Nd5 e5 15. Bh2 Nc5 16. Bc4 e4 17. Nh4 Be6 18. Bc7 b6 19. Rfd1 Nb4 20. Nxb4 Qxb4 21. Bxe6 fxe6 22. Bd6 g5 23. Bxf8 Rxf8 24. b3 gxh4 25. Qg4 Kh8 26. Qxh4 Qa5 27. Rd8 Qxa2 28. Rxf8+ Bxf8 29. Qf6+ Kg8 30. Qg5+ Bg7 31. Qd8+ Bf8 32. Qg5+ Kf7 33. Qf4+ Ke7 34. Qh4+ Kd7 35. b4 Nd3 36. Qxh7+ Be7 37. Rf1 Nxb4 38. Qxe4 Qd5 39. Qb1 Qf5 40. Qa1 a5 41. Qd4+ Kc7 42. Rd1 e5 43. Qc3+ Bc5 44. Qd2 Kb7 45. Qd8 a4 46. Rd7+ Ka6 47. Qa8+ Kb5 48. Rd1 Qc2 49. Ra1 Nc6 50. h4 a3 51. h5 Qb2 52. Rf1 a2 53. h6 Qb1 54. h7 Qxh7 55. Qxa2 e4 56. Qe2+ Ka5 57. Ra1+ Kb4 58. Rb1+ Kc3 59. Qb2+ Kd3 60. Qb3+ Kd2 61. Rd1+ Ke2 62. Qc2# 1-0

[Event "Bled op 23rd"]
[Site "Bled"]
[Date "2002.07.04"]
[Round "3"]
[White "Beliavsky, Alexander G"]
[Black "Eljanov, Pavel"]
[Result "1/2-1/2"]
[WhiteElo "2652"]
[BlackElo "2561"]
[PlyCount "72"]
[EventDate "2002.07.02"]
[Source "ChessBase"]
[SourceDate "2002.09.11"]

1. d4 Nf6 2. c4 g6 3. Nc3 d5 4. Bf4 Bg7 5. e3 O-O 6. Qb3 c6 7. Nf3 Qa5 8. Nd2 Nbd7 9. cxd5 Nxd5 10. Bg3 Nxc3 11. bxc3 b6 12. Bc4 Ba6 13. O-O c5 14. a4 cxd4 15. cxd4 e5 16. Bxa6 Qxa6 17. Nf3 exd4 18. exd4 Rac8 19. Qb5 Qb7 20. Rfe1 a6 21. Qb3 Nf6 22. Ne5 Rfd8 23. Rad1 b5 24. axb5 axb5 25. h3 Qd5 26. Qb1 Re8 27. Re3 Re7 28. Rde1 Rb7 29. Ng4 h5 30. Nxf6+ Bxf6 31. Be5 Rb6 32. Bxf6 Rxf6 33. Re8+ Rxe8 34. Rxe8+ Kg7 35. Qb4 Rd6 36. Rb8 Qxd4 1/2-1/2

[Event "Wijk aan Zee (open)"]
[Site "?"]
[Date "1993.??.??"]
[Round "?"]
[White "van Wely, L."]
[Black "Kortchnoi, V."]
[Result "1/2-1/2"]
[WhiteElo "2585"]
[BlackElo "2625"]
[PlyCount "43"]
[EventDate "1993.??.??"]
[Source "ChessBase"]
[SourceDate "1993.10.01"]

1. d4 Nf6 2. c4 g6 3. Nc3 d5 4. Nf3 Bg7 5. Bf4 O-O 6. Rc1 c6 7. e3 Bg4 8. h3 Bxf3 9. Qxf3 Qa5 10. Bd3 Nbd7 11. O-O dxc4 12. Bxc4 e5 13. Bh2 exd4 14. exd4 Qb4 15. b3 Nb6 16. Be5 Nfd7 17. Bxg7 Kxg7 18. Ne4 Rae8 19. Qf4 Nd5 20. Bxd5 cxd5 21. Qd6 Qxd4 22. Rfd1 1/2-1/2

[Event "Moscow"]
[Site "Moscow Moscow"]
[Date "1986.??.??"]
[Round "?"]
[White "Jussupow, Artur M"]
[Black "Romanishin, Oleg M"]
[Result "1/2-1/2"]
[WhiteElo "2645"]
[BlackElo "2560"]
[PlyCount "27"]
[EventDate "1986.??.??"]
[Source "www.chesslib.no"]
[SourceDate "2004.05.04"]

1. d4 Nf6 2. Nf3 g6 3. c4 Bg7 4. Nc3 d5 5. Bf4 O-O 6. e3 c6 7. Rc1 Be6 8. Ng5 Bg4 9. Qb3 Qb6 10. h3 Bd7 11. Nf3 Be6 12. Ng5 Bd7 13. Nf3 Be6 14. Ng5 1/2-1/2

[Event "zt3.3, HeiBei CHN"]
[Site "?"]
[Date "2001.??.??"]
[Round "3"]
[White "Bu Xiangzhi"]
[Black "Peng Xiaomin"]
[Result "1/2-1/2"]
[WhiteElo "2555"]
[BlackElo "2645"]
[PlyCount "56"]
[EventDate "2001.??.??"]
[Source "www.chesslib.no"]
[SourceDate "2004.05.04"]

1. d4 Nf6 2. c4 g6 3. Nc3 d5 4. Nf3 Bg7 5. Bf4 O-O 6. e3 c5 7. dxc5 Qa5 8. Rc1 dxc4 9. Bxc4 Qxc5 10. Qd4 Qa5 11. Qe5 Nc6 12. Qxa5 Nxa5 13. Be2 Be6 14. Nd4 Bd7 15. O-O Rac8 16. Be5 Nc6 17. Nxc6 Bxc6 18. Nb5 Bxb5 19. Bxb5 Ne4 20. Bxg7 Kxg7 21. Bd3 Nc5 22. Bc2 Rfd8 23. Rcd1 f5 24. f3 Kf6 25. Kf2 Nd7 26. Bb3 Nc5 27. Bc2 Nd7 28. Bb3 Nc5 1/2-1/2

[Event "Beograd 74/489"]
[Site "?"]
[Date "1999.??.??"]
[Round "?"]
[White "Sokolov, Ivan"]
[Black "Huzman, Alexander"]
[Result "1-0"]
[WhiteElo "2624"]
[BlackElo "2575"]
[PlyCount "73"]
[EventDate "1999.??.??"]
[Source "ChessBase"]
[SourceDate "1998.10.01"]

1. d4 Nf6 2. c4 g6 3. Nc3 d5 4. Bf4 Bg7 5. e3 c5 6. dxc5 Qa5 7. Rc1 dxc4 8. Bxc4 O-O 9. Nf3 Qxc5 10. Bb3 Nc6 11. O-O Qa5 12. h3 Bf5 13. Qe2 Ne4 14. Nd5 e5 15. Rxc6 exf4 16. Rc7 Be6 17. Ne7+ Kh8 18. Rfc1 Bxb3 19. axb3 Ng5 20. b4 Nxf3+ 21. Qxf3 Qe5 22. exf4 Qxb2 23. Nd5 Rad8 24. R7c2 Qd4 25. Rd1 Rxd5 26. Qxd5 Qxb4 27. f5 Qb6 28. Qd7 Bf6 29. fxg6 hxg6 30. Rc8 Rxc8 31. Qxc8+ Kg7 32. Qc4 Qa5 33. Rd7 Qe1+ 34. Kh2 Qxf2 35. Qxf7+ Kh6 36. Qh7+ Kg5 37. Rd5+ 1-0

[Event "MTO"]
[Site "Biel"]
[Date "2004.07.23"]
[Round "5"]
[White "Riazantsev, Alexander"]
[Black "Eljanov, Pavel"]
[Result "0-1"]
[WhiteElo "2573"]
[BlackElo "2613"]
[PlyCount "112"]
[EventDate "2004.07.19"]
[Source "Roberto Alvarez"]
[SourceDate "2004.08.10"]

1. d4 Nf6 2. c4 g6 3. Nc3 d5 4. Nf3 Bg7 5. Bf4 O-O 6. e3 c5 7. dxc5 Qa5 8. Rc1 dxc4 9. Bxc4 Qxc5 10. Bb3 Qa5 11. O-O Nc6 12. h3 Bf5 13. Qe2 Ne4 14. Nd5 e5 15. Rxc6 bxc6 16. Ne7+ Kh8 17. Nxc6 Qb6 18. Ncxe5 Be6 19. Bxe6 Qxe6 20. Qc2 f5 21. Qa4 g5 22. Bh2 g4 23. hxg4 fxg4 24. Qxe4 gxf3 25. Qc4 Rae8 26. Qxe6 Rxe6 27. Nxf3 Ra6 28. Nd4 Bxd4 29. exd4 Rxa2 30. Rb1 Kg8 31. Be5 Kf7 32. g3 Ke6 33. Kg2 Kd5 34. Bf4 Rf7 35. b4 Rb7 36. Rh1 Kxd4 37. Be3+ Kc4 38. Bc5 Rb5 39. Rh4+ Kb3 40. Bd6 Rf5 41. Bf4 h5 42. Be3 Ra4 43. Rh3 a6 44. Bc5 Kc4 45. Rh4+ Kb5 46. Be7 Ra2 47. Rf4 Rxf4 48. gxf4 Re2 49. Bf8 Re8 50. Bh6 Rh8 51. Bg5 Kxb4 52. f5 Kc5 53. Be7+ Kd5 54. f4 Rh7 55. f6 Ke6 56. Kg3 Rxe7 0-1

[Event "USSR (ch)"]
[Site "?"]
[Date "1988.??.??"]
[Round "?"]
[White "Gurevich, M."]
[Black "Smyslov, V."]
[Result "1/2-1/2"]
[WhiteElo "2630"]
[BlackElo "2550"]
[PlyCount "87"]
[EventDate "1988.??.??"]
[Source "ChessBase"]
[SourceDate "1988.07.01"]

1. d4 d5 2. c4 c6 3. Nf3 Nf6 4. Qc2 g6 5. Bf4 Bg7 6. e3 O-O 7. Nc3 Bf5 8. Bd3 Bxd3 9. Qxd3 Nbd7 10. O-O dxc4 11. Qxc4 Nh5 12. Bg5 h6 13. Bh4 g5 14. Bg3 Nxg3 15. hxg3 e6 16. g4 Qe7 17. Ne4 Kh8 18. Rad1 f5 19. Nc5 Nxc5 20. dxc5 Rad8 21. b4 Rd7 22. Rfe1 Rfd8 23. Rb1 a6 24. a4 Qf7 25. b5 axb5 26. axb5 fxg4 27. bxc6 bxc6 28. Qxg4 Qf5 29. Qc4 e5 30. Rb6 Rf8 31. Rf1 Rc7 32. Nd2 Qd7 33. Qc2 Rd8 34. Ne4 Bf8 35. Qa4 Qd5 36. Rbb1 Qe6 37. g3 Be7 38. Kg2 Kg7 39. Qc2 g4 40. Qe2 Qf5 41. Rb4 h5 42. f3 Rf8 43. fxg4 Qxf1+ 44. Qxf1 1/2-1/2

[Event "HUN-chT 0203"]
[Site "?"]
[Date "2003.04.13"]
[Round "11"]
[White "Portisch Lajos"]
[Black "Ruck Robert"]
[Result "1/2-1/2"]
[WhiteElo "2599"]
[BlackElo "2571"]
[PlyCount "27"]
[EventDate "2003.??.??"]
[Source "www.chesslib.no"]
[SourceDate "2004.05.04"]

1. d4 Nf6 2. c4 g6 3. Nc3 d5 4. Nf3 Bg7 5. Bf4 O-O 6. e3 c5 7. dxc5 Ne4 8. Be5 Bxe5 9. Nxe5 Nxc3 10. bxc3 Qa5 11. Rc1 Nc6 12. Nxc6 bxc6 13. cxd5 cxd5 14. Be2 1/2-1/2

[Event "IBM"]
[Site "Amsterdam"]
[Date "1978.??.??"]
[Round "4"]
[White "Ribli, Zoltan"]
[Black "Timman, Jan H"]
[Result "0-1"]
[WhiteElo "2585"]
[BlackElo "2585"]
[PlyCount "70"]
[EventDate "1978.07.??"]
[Source "ChessBase"]

1. Nf3 Nf6 2. c4 g6 3. Nc3 d5 4. d4 Bg7 5. Bf4 O-O 6. e3 c5 7. dxc5 Ne4 8. Rc1 Nxc3 9. bxc3 dxc4 10. Qxd8 Rxd8 11. Bxc4 Nd7 12. Bg5 Re8 13. Bb5 a6 14. Ba4 h6 15. Bh4 g5 16. c6 Nc5 17. cxb7 Bxb7 18. Bxe8 gxh4 19. Bd7 Nxd7 20. Nxh4 Ne5 21. O-O e6 22. Rfd1 Bf6 23. Rd4 a5 24. h3 Ba6 25. Re4 Bc4 26. a4 h5 27. Rd1 Bb3 28. Rd6 Nc4 29. Rd7 Bxa4 30. Rc7 Bb3 31. Rexc4 Bxc4 32. Rxc4 a4 33. Nf3 a3 34. Nd2 a2 35. Nb3 Ra3 0-1

[Event "It (Open) Dos Hermanas ESP"]
[Site "?"]
[Date "2006.04.05"]
[Round "7"]
[White "Cheparinov Ivan"]
[Black "Campora Daniel Hugo"]
[Result "1-0"]
[WhiteElo "2625"]
[BlackElo "2541"]
[PlyCount "99"]
[EventDate "2006.??.??"]
[Source "www.chesslib.no"]
[SourceDate "2004.05.04"]

1. Nf3 Nf6 2. c4 c6 3. Nc3 d5 4. d4 g6 5. Bf4 Bg7 6. e3 O-O 7. h3 Na6 8. Ne5 Nc7 9. Rc1 dxc4 10. Bxc4 Nfd5 11. Bg3 Nxc3 12. bxc3 Be6 13. Bxe6 Nxe6 14. O-O Qa5 15. Qb3 Qb5 16. Qa3 Bxe5 17. Bxe5 c5 18. d5 Nd8 19. c4 Qb4 20. Qxb4 cxb4 21. c5 f6 22. Bc7 Nf7 23. Ba5 b6 24. Bxb4 bxc5 25. Rxc5 Rfb8 26. a3 Rb7 27. Rfc1 Rd8 28. Rc7 Rd7 29. Rxb7 Rxb7 30. Rc8+ Kg7 31. Re8 Nd6 32. Bxd6 exd6 33. Rd8 a5 34. Rxd6 Rb3 35. Rd7+ Kh6 36. e4 Rxa3 37. h4 Rd3 38. Kf1 Rd4 39. f3 g5 40. Rd6 gxh4 41. e5 Kg7 42. e6 Kf8 43. Ke2 a4 44. Ke3 Rd1 45. Ke4 a3 46. Rd8+ Kg7 47. Ra8 Rd2 48. Rxa3 Rxg2 49. f4 Re2+ 50. Kf5 1-0

[Event "HUN-chT 0102"]
[Site "?"]
[Date "2001.11.18"]
[Round "3"]
[White "Portisch Lajos"]
[Black "Ruck Robert"]
[Result "1/2-1/2"]
[WhiteElo "2591"]
[BlackElo "2573"]
[PlyCount "43"]
[EventDate "2001.??.??"]
[Source "www.chesslib.no"]
[SourceDate "2004.05.04"]

1. d4 Nf6 2. c4 g6 3. Nc3 d5 4. Nf3 Bg7 5. Bf4 O-O 6. e3 c5 7. dxc5 Ne4 8. Be5 Bxe5 9. Nxe5 Nxc3 10. bxc3 Qa5 11. Qd4 f6 12. Nf3 Nc6 13. Qxd5+ Kg7 14. Qd2 Qxc5 15. Qb2 Be6 16. Nd4 Bxc4 17. Bxc4 Qxc4 18. Qb3 Qxb3 19. axb3 Rfc8 20. Kd2 Kf7 21. Rhc1 e5 22. Nxc6 1/2-1/2

[Event "Europa ch 2008"]
[Site "Plovdiv BUL"]
[Date "2008.05.01"]
[Round "10.55"]
[White "Steingrimsson, Hedinn"]
[Black "Kritz, Leonid"]
[Result "0-1"]
[WhiteElo "2551"]
[BlackElo "2609"]
[PlyCount "68"]
[EventDate "2008.04.21"]
[Source "www.chesslib.no"]
[SourceDate "2004.05.04"]

1. d4 Nf6 2. c4 g6 3. Nc3 d5 4. Bf4 Bg7 5. e3 O-O 6. Rc1 c5 7. dxc5 Qa5 8. Nf3 Nbd7 9. cxd5 Ne4 10. Nd4 Nxc3 11. bxc3 Nxc5 12. Bc4 Bd7 13. O-O Rac8 14. Bb3 Nxb3 15. Qxb3 b5 16. e4 Rc4 17. f3 Rfc8 18. Ne2 Qb6+ 19. Kh1 e6 20. Rcd1 a5 21. Rd2 h6 22. h3 Qa6 23. Rfd1 g5 24. Bh2 b4 25. cxb4 axb4 26. Qe3 Rc2 27. Qb3 Ba4 28. Qxb4 R2c4 29. Qa3 exd5 30. exd5 Bc3 31. d6 Bxd2 32. Rxd2 Rc2 33. d7 Rxd2 34. Qxa4 Rc1+ 0-1

[Event "CRO-chT"]
[Site "Medulin"]
[Date "1997.??.??"]
[Round "?"]
[White "Pinter, Jozsef"]
[Black "Tukmakov, Vladimir B"]
[Result "1/2-1/2"]
[WhiteElo "2575"]
[BlackElo "2585"]
[PlyCount "65"]
[EventDate "1997.??.??"]
[Source "www.chesslib.no"]
[SourceDate "2004.05.04"]

1. d4 Nf6 2. c4 g6 3. Nc3 d5 4. Bf4 Bg7 5. e3 c6 6. Nf3 O-O 7. Rc1 Be6 8. Ng5 Bf5 9. Be2 h6 10. Nf3 Be6 11. b3 Nbd7 12. h3 Ne4 13. O-O Nxc3 14. Rxc3 c5 15. Rc2 Rc8 16. cxd5 Bxd5 17. dxc5 Nxc5 18. b4 Bxf3 19. Bxf3 Ne6 20. Rxc8 Qxc8 21. Bg3 Ng5 22. Bd5 e6 23. h4 exd5 24. hxg5 Qc4 25. gxh6 Bxh6 26. Qd2 Rd8 27. Be5 Qe4 28. Bd4 Rc8 29. Rc1 Rc4 30. b5 b6 31. Bb2 Bg7 32. Bxg7 Kxg7 33. Qb2+ 1/2-1/2

[Event "Goodricke 11th op"]
[Site "Calcutta"]
[Date "2000.02.14"]
[Round "9"]
[White "Horvath, Jozsef"]
[Black "Vladimirov, Evgeny"]
[Result "0-1"]
[WhiteElo "2557"]
[BlackElo "2586"]
[PlyCount "68"]
[EventDate "2000.02.05"]
[Source "ChessBase"]
[SourceDate "2000.03.10"]

1. d4 d5 2. c4 c6 3. Nf3 Nf6 4. Qc2 g6 5. Bf4 Bg7 6. e3 O-O 7. Nc3 Na6 8. a3 c5 9. Rd1 Bg4 10. dxc5 Nxc5 11. cxd5 Bf5 12. Qe2 Nfe4 13. Nxe4 Nxe4 14. Qb5 Rc8 15. Be2 Bd7 16. Qxb7 Ba4 17. Rb1 Bc2 18. Rc1 Qa5+ 19. Kf1 g5 20. Bxg5 Rc7 21. Qb4 Qxd5 22. Bxe7 Rfc8 23. Bh4 a5 24. Qb6 Rc6 25. Qb7 Nd6 26. Qa7 Bd3 27. Rxc6 Bxe2+ 28. Kxe2 Qb5+ 29. Kd1 Qxc6 30. Nd4 Qxg2 31. Re1 Qg4+ 32. f3 Qxh4 33. Qd7 Rd8 34. Qc7 Nb5 0-1

[Event "LXI Lega superiore camp. russo"]
[Site "Novokuznetsk RUS"]
[Date "2008.09.11"]
[Round "8"]
[White "Riazantsev, A."]
[Black "Maslak, K."]
[Result "1/2-1/2"]
[WhiteElo "2617"]
[BlackElo "2521"]
[PlyCount "87"]
[EventDate "2008.09.03"]
[Source "www.chesslib.no"]
[SourceDate "2004.05.04"]

1. d4 Nf6 2. c4 g6 3. Nc3 d5 4. Bf4 Bg7 5. e3 O-O 6. Nf3 c5 7. dxc5 Qa5 8. Rc1 dxc4 9. Bxc4 Qxc5 10. Bb3 Nc6 11. O-O Qa5 12. h3 Bf5 13. Qe2 Ne4 14. Nxe4 Bxe4 15. Rfd1 Bxf3 16. Qxf3 Bxb2 17. Rd5 Qa3 18. Rb1 Bg7 19. Rd7 Ne5 20. Bxe5 Bxe5 21. Qxb7 Bf6 22. g3 Kg7 23. e4 Qc5 24. Qd5 Qc3 25. e5 Qxe5 26. Qxe5 Bxe5 27. Rxe7 Bd4 28. Rd1 Bc5 29. Rb7 Rab8 30. Rxb8 Rxb8 31. Rd7 Rf8 32. Kg2 g5 33. g4 Bb6 34. Kg3 Kg6 35. f4 gxf4+ 36. Kxf4 h6 37. a4 Rd8 38. Bxf7+ Kg7 39. Rxd8 Bxd8 40. Bb3 Kf6 41. Bc4 Kg7 42. Bb3 Kf6 43. Bc4 Kg7 44. Bb3 1/2-1/2

[Event "Calviá ol (Men)"]
[Site "Mallorca"]
[Date "2004.10.18"]
[Round "4.3"]
[White "Chatalbashev, Boris"]
[Black "Huzman, Alexander"]
[Result "1/2-1/2"]
[WhiteElo "2554"]
[BlackElo "2581"]
[PlyCount "47"]
[EventDate "2004.10.15"]
[Source "Roberto Alvarez"]
[SourceDate "2004.10.25"]

1. d4 Nf6 2. c4 g6 3. Nc3 d5 4. Bf4 Bg7 5. e3 c5 6. dxc5 Qa5 7. Rc1 dxc4 8. Bxc4 O-O 9. Nf3 Qxc5 10. Bb3 Nc6 11. O-O Qa5 12. Qe2 Nh5 13. Bg5 Bg4 14. Bh4 Qb4 15. Qc4 Qxc4 16. Bxc4 Bxf3 17. gxf3 Bf6 18. Bxf6 Nxf6 19. Nd5 Rfd8 20. Nxf6+ exf6 21. Rfd1 Kf8 22. Bd5 Rac8 23. f4 Rc7 24. Bxc6 1/2-1/2